000 00653nam a2200229Ia 4500
005 20260320201814.0
008 008 262003s9999 xx 000 0 eng d
037 _aEBOOK
040 _aCRL
040 _beng
040 _cCRL
041 _2eng
041 _aeng
084 _qCRL
100 _aJohn C.Tragura
_91135991
245 0 _aBuilding Python Microservices with FastAPI: Build secure, scalable, and structured Python microservices from design concepts to infrastructure
260 _bIEEE
856 _uhttps://ieeexplore.ieee.org/servlet/opac?bknumber=10163452
942 _cEBOOK
999 _c1723635
_d1723635